l'Égypte au regard de J.-J. Rifaud (1786-1852) : lithographies conservées dans les collections de la Société royale d'Archéologie d'archéologie, d'histoire et de Folklore de Nivelles et du Brabant wallon /

Saved in:

Corporate Author: Société royale d'archéologie, d'histoire et de folklore de Nivelles et du Brabant wallon.

Other Authors: Bruwier, Marie-Cécile.

Format: Book

Language: French

Published: Nivelles : Société royale d'Archéologie de Nivelles et du Brabant, Wallon, 1998.

Subjects:

Tags: Add Tag

No Tags, Be the first to tag this record!

Call Number: DT53 .E397 1998

LEADER 01521nam a2200265Ia 4500
003 OSt
005 20260326075256.0
008 211223s1998 be a b 000 0dfre d
040 |c ARCE Library 
050 4 |a DT53 .E397 1998 
245 0 2 |a l'Égypte au regard de J.-J. Rifaud (1786-1852) :   |b lithographies conservées dans les collections de la Société royale d'Archéologie d'archéologie, d'histoire et de Folklore de Nivelles et du Brabant wallon /   |c [edited by] Marie-Cécile Bruwier.  
264 1 |a Nivelles :   |b Société royale d'Archéologie de Nivelles et du Brabant, Wallon,   |c 1998. 
300 |a 215 p. :   |b ill. (some col.) ;   |c 28 cm. 
500 |a Ce livre-catalogue a ètè édite à l'occasion de l'exposition "L'Éypte au regard de J.-J. Rifaud (1786-1852)" organisée par la Société royale d'Archéologie, d'Histoire et de Folklore de Nivelles et du Brabant wallon au Musée communal de Nivelles du 17 octobre au 15 novembre 1998--verso t.p. 
504 |a Includes bibliographical references. 
600 1 0 |a Rifaud, J. J. 
610 2 0 |a Société royale d'archéologie, d'histoire et de folklore de Nivelles et du Brabant wallon   |v Exhibitions. 
650 0 |a Lithography   |y 19th century   |v Catalogs. 
651 0 |a Egypt   |x Description and travel. 
651 0 |a Egypt   |x Antiquities   |v Pictorial works. 
700 1 |a Bruwier, Marie-Cécile. 
710 2 |a Société royale d'archéologie, d'histoire et de folklore de Nivelles et du Brabant wallon. 
901 |a reviewed 
942 |2 lcc  |c BK 
999 |c 41146  |d 41146